Biblioteca

El poder de las palabras : (Registro nro. 69302)

Detalles MARC
000 -LÍDER
Campo fijo de descripción fija 02136nam a2200325 i 4500
001 - NÚMERO DE CONTROL
Campo de control 768714001
003 - IDENTIFICADOR DEL NÚMERO DE CONTROL
Campo de control CO-MdFUSB
005 - FECHA Y HORA DE LA ULTIMA TRANSACCIÓN
control field 20240220165756.0
007 - CAMPO FIJO DE DESCRIPCIÓN FIJA--INFORMACIÓN GENERAL
Campo fijo de descripción fija ta
008 - ELEMENTOS DE LONGITUD FIJA -- INFORMACIÓN GENERAL
Campo fijo de descripción fija -- Información general 240215t2022 ck a|||| |||| 00| 0 spa d
020 ## - NÚMERO INTERNACIONAL NORMALIZADO PARA LIBROS
Número Internacional Normalizado del libro 9789585132641
040 ## - FUENTE DE CATALOGACIÓN
Agencia de catalogación original CO-MdFUSB
Idioma de catalogación spa
Agencia que realiza la transcripción CO-MdFUSB
Agencia que realiza la modificación CO-MdFUSBC
Convenciones de la descripción rda
041 ## - CÓDIGO DE IDIOMA
Código de idioma para texto/pista de sonido o título separado spa
082 ## - NÚMERO DE CLASIFICACIÓN DECIMAL DEWEY
Número de la edición del Dewey 23
Número de clasificación 153
Clave de autor-Numero de item SI577
100 ## - ASIENTO PRINCIPAL--NOMBRE PERSONAL
Nombre personal Sigman, Mariano,
Término relacionador autor
245 13 - TÍTULO
Título del Material El poder de las palabras :
Parte restante del título - Subtitulo cómo cambiar tu cerebro (y tu vida) conversando
Mención de responsabilidad, etc. / Mariano Sigman
264 #1 - PRODUCCIÓN, PUBLICACIÓN, DISTRIBUCIÓN, MANUFACTURA, Y COPYRIGHT
Nombre del productor, publicador, distribuidor Debate,
Lugar de producción, publicación, distribución, manufactura Colombia :
Fecha de producción, publicación, distribución, manufactura, o copyright [2022]
264 #4 - PRODUCCIÓN, PUBLICACIÓN, DISTRIBUCIÓN, MANUFACTURA, Y COPYRIGHT
Fecha de producción, publicación, distribución, manufactura, o copyright ©2022
300 ## - DESCRIPCIÓN FÍSICA
Extensión 348 páginas
Dimensiones ; 23cm
336 ## - TIPO DE CONTENIDO
Fuente rdacontent
Término de tipo de contenido texto
Código de tipo de contenido txt
337 ## - TIPO DE MEDIO
Fuente rdamedia
Nombre del tipo de medio sin mediación
Código del tipo de medio n
338 ## - TIPO DE SOPORTE
Fuente rdacarrier
Nombre del tipo de soporte volumen
Código Tipo de soporte nc
505 ## - NOTA DE CONTENIDO
Título Las historias que nos contamos:
Nota de contenido con formato preestablecido Cómo mejorar la forma de razonar.
Título El arte de conversar:
Nota de contenido con formato preestablecido Cómo tomar mejores decisiones.
Título El relato de uno mismo. Cómo editar:
Nota de contenido con formato preestablecido Nuestra memoria y descubrir quiénes somos.
Título Los átomos del pensamiento:
Nota de contenido con formato preestablecido Cómo aclarar nuestra manera de pensar y de sentir.
Título El gobierno de las emociones:
Nota de contenido con formato preestablecido Cómo tomar control de nuestra vida emocional.
Título Aprender a hablar con uno mismo:
Nota de contenido con formato preestablecido Cómo ser más amable con la gente que más queremos.
520 ## - NOTA DE RESUMEN, ETC.
Nota de sumario, etc. Nuestra mente es mucho más maleable de lo que creemos y, a pesar de que conservamos toda la vida la misma capacidad de aprender que tenemos de chicos, con el tiempo vamos perdiendo la necesidad y la motivación para hacerlo. Así, empezamos a convencernos de lo que no podemos: o somos malos para la matemática, o no nacimos para la música, o no podemos manejar nuestra ira, o nos es imposible superar el miedo. Este libro sostiene y demuestra que, independientemente del momento de nuestra existencia que atravesemos, podemos demoler esas creencias y cambiar ideas y sentimientos, aun aquellos más profundamente arraigados, aprendiendo a conversar. En efecto, la conversación -con otros y con nosotros- es la herramienta más extraordinaria para transformar nuestra vida.
563 ## - NOTA DE ENCUADERNACIÓN
Nota de encuadernación Rústico
650 #0 - ASIENTO SECUNDARIO DE MATERIA - TERMINO TEMÁTICO
Término temático o nombre geográfico como elemento de entrada Comunicación interpersonal
9 (RLIN) 1074
650 #7 - ASIENTO SECUNDARIO DE MATERIA - TERMINO TEMÁTICO
Término temático o nombre geográfico como elemento de entrada Psicología
9 (RLIN) 6973
942 ## - TIPO DE MATERIAL (KOHA)
Tipo de Item KOHA Libros General
945 ## - INFORMACIÓN LOCAL DEL REGISTRO
Catalogador JTF-925
Existencias
Estado de Material Estado de Perdido Forma de Clasificación Estado de Dañado No para Préstamo Colección Biblioteca de Origen Biblioteca Permanente Fecha de Adquisición Área Total de Préstamos Total de Renovaciones Signatura Topográfica Código de Barras Última vez visto Última vez Préstado Ejemplar/Existencia Fecha de Remplazo Tipo de Material
    Dewey Decimal Classification     Colección General Biblioteca FUSBC Biblioteca FUSBC 15/02/2024 PSICOLOGÍA 2 2 G 153 SI577p 22311 19/02/2025 31/01/2025 Ej. 1 15/02/2024 Libros General

Biblioteca FUSBC | Teléfono: (57+4) 349 88 10 Ext. 141| WhatsApp (+57) 3005338115 
E-mail: biblioteca@unisbc.edu.co | Calle 76 87-14 Robledo Palenque, Medellín, Colombia

Con tecnología Koha